E + M. Ekonomie a management vědecký ekonomický časopis
Na minha lista:
| Formato: | Periódico |
|---|---|
| Idioma: | tcheco |
| Publicado em: |
Liberec
Technická univerzita v Liberci, Hospodářská fakulta
2006
|
| Assuntos: | |
| Tags: |
Sem tags, seja o primeiro a adicionar uma tag!
|
MARC
| LEADER | 00000nas2a2200000 4500 | ||
|---|---|---|---|
| 001 | 0109331 | ||
| 005 | 20100126145622.2 | ||
| 022 | |a 1212-3609 | ||
| 041 | 0 | |a cze | |
| 044 | |a CZ | ||
| 245 | 1 | 0 | |a E + M. Ekonomie a management |b vědecký ekonomický časopis |
| 264 | 1 | |a Liberec |b Technická univerzita v Liberci, Hospodářská fakulta |c 2006 | |
| 773 | 0 | |w eu_un_cat*s124393 | |
| 610 | 2 | 0 | |a makroekonomika |
| 610 | 2 | 0 | |a mikroekonomika |
| 610 | 2 | 0 | |a manažment |
| 610 | 2 | 0 | |a marketing |